<?xml version="1.0" encoding="UTF-8"?><?xml-stylesheet type="text/xsl" href="static/style.xsl"?><OAI-PMH xmlns="http://www.openarchives.org/OAI/2.0/" xmlns:xsi="http://www.w3.org/2001/XMLSchema-instance" xsi:schemaLocation="http://www.openarchives.org/OAI/2.0/ http://www.openarchives.org/OAI/2.0/OAI-PMH.xsd"><responseDate>2026-04-17T03:31:31Z</responseDate><request verb="GetRecord" identifier="oai:www.recercat.cat:2117/81322" metadataPrefix="marc">https://recercat.cat/oai/request</request><GetRecord><record><header><identifier>oai:recercat.cat:2117/81322</identifier><datestamp>2026-01-26T01:33:39Z</datestamp><setSpec>com_2072_1033</setSpec><setSpec>col_2072_452949</setSpec></header><metadata><record xmlns="http://www.loc.gov/MARC21/slim" xmlns:dcterms="http://purl.org/dc/terms/" xmlns:xsi="http://www.w3.org/2001/XMLSchema-instance" xmlns:doc="http://www.lyncode.com/xoai" xsi:schemaLocation="http://www.loc.gov/MARC21/slim http://www.loc.gov/standards/marcxml/schema/MARC21slim.xsd">
   <leader>00925njm 22002777a 4500</leader>
   <datafield ind2=" " ind1=" " tag="042">
      <subfield code="a">dc</subfield>
   </datafield>
   <datafield ind2=" " ind1=" " tag="720">
      <subfield code="a">Arias, Mariel</subfield>
      <subfield code="e">author</subfield>
   </datafield>
   <datafield ind2=" " ind1=" " tag="260">
      <subfield code="c">2015-06</subfield>
   </datafield>
   <datafield ind2=" " ind1=" " tag="520">
      <subfield code="a">El siguiente artículo se enmarca dentro del proyecto de tesis doctoral cuyo tema es ”La vitalidad urbana en los barrios del anillo periférico de la ciudad de Córdoba: El caso de los barrios del sector sudoeste". Se intentará hacer una aproximación al concepto de deterioro del ambiente urbano en base al libro La ciudad verde (2000) de Roberto Fernández. De este texto se rescata su abordaje sobre las problemáticas urbanas, las cuales pueden ser entendidas como desencadenantes de deterioro urbano. Se aplican estos conceptos al caso de estudio para dar forma a un primer diagnóstico de la situación barrial basados en la observación empírica del mismo.</subfield>
   </datafield>
   <datafield ind2=" " ind1=" " tag="520">
      <subfield code="a">The following article belongs to a PhD project whose main subject is "The urban vitality of neighborhoods of the fbeltway of the city of Córdoba: The case of the neighborhoods of the southwest area". We will try to make an approach to the concept of deteriorating urban environment on the basis of the book The Green City (La Ciudad verde, 2000) by the architect Roberto Fernández. From this text we will resort to the author's approach on the urban problematic, which may cause urban decay. We will apply this concepts to the case of study, giving shape to a first diagnosis of the neighborhood's situation.</subfield>
   </datafield>
   <datafield tag="653" ind2=" " ind1=" ">
      <subfield code="a">Àrees temàtiques de la UPC::Urbanisme::Aspectes socials</subfield>
   </datafield>
   <datafield tag="653" ind2=" " ind1=" ">
      <subfield code="a">Sociology, Urban -- Argentina -- Córdoba</subfield>
   </datafield>
   <datafield tag="653" ind2=" " ind1=" ">
      <subfield code="a">Suburbs -- Argentina -- Córdoba</subfield>
   </datafield>
   <datafield tag="653" ind2=" " ind1=" ">
      <subfield code="a">Deterioro urbano</subfield>
   </datafield>
   <datafield tag="653" ind2=" " ind1=" ">
      <subfield code="a">Planificación urbana</subfield>
   </datafield>
   <datafield tag="653" ind2=" " ind1=" ">
      <subfield code="a">Metodologías participativas</subfield>
   </datafield>
   <datafield tag="653" ind2=" " ind1=" ">
      <subfield code="a">Urban decay</subfield>
   </datafield>
   <datafield tag="653" ind2=" " ind1=" ">
      <subfield code="a">Urban Planning</subfield>
   </datafield>
   <datafield tag="653" ind2=" " ind1=" ">
      <subfield code="a">Participative methodologies</subfield>
   </datafield>
   <datafield tag="653" ind2=" " ind1=" ">
      <subfield code="a">Sociologia urbana -- Argentina -- Córdoba</subfield>
   </datafield>
   <datafield tag="653" ind2=" " ind1=" ">
      <subfield code="a">Barris perifèrics -- Argentina -- Córdoba</subfield>
   </datafield>
   <datafield ind2="0" ind1="0" tag="245">
      <subfield code="a">El deterioro del ambiente urbano: el caso del sector sudoeste del anillo periférico de la ciudad de Córdoba</subfield>
   </datafield>
</record></metadata></record></GetRecord></OAI-PMH>